Science Quiz

Random Science or Letter Quiz

Elements in Elements Quiz Stats

Quiz Updated Dec 22, 2011

Challenge
Share
Tweet
Embed
Score 0/32 Timer 10:00
0 Plays Today
% Correct
Xenon (E N N O)
98.1%
Beryllium (B E I M R U)
82.5%
Bromine (I N O R)
76.5%
Neon
71.7%
Americium (C E I M R U)
64.9%
Rutherfordium (D H I M O R U)
64.3%
Ytterbium (B E I M R T U)
61.5%
Iron
60.6%
Zirconium (C I N Z)
56.7%
Seaborgium (A B I M R U)
51.7%
Zinc
49.1%
Cerium
46.1%
Dysprosium (D I M O S U)
45%
Gadolinium (D I I M N U)
45%
Rhodium
44.7%
Promethium (H I M O R T U)
43.9%
% Correct
Protactinium (A I I M N T T U)
43.6%
Erbium
42%
Praseodymium (I M M O S U)
41.2%
Barium
39.8%
Terbium
39.2%
Darmstadtium (A A I M M R S U)
36.9%
Sodium
36.7%
Thorium
35%
Indium
34.2%
Osmium
32.6%
Titanium
31.5%
Samarium
27%
Californium (A C F I M N R U)
17.8%
Francium
15.6%
Roentgenium (E G I N N O R T)
11.1%
Nitrogen
8.5%

You're not logged in!

Compare scores with friends on all Sporcle quizzes.
Sign Up with Email
OR
Log In

You Might Also Like...

Show Comments

Extras

Top Quizzes Today


Score Distribution

Your Account Isn't Verified!

In order to create a playlist on Sporcle, you need to verify the email address you used during registration. Go to your Sporcle Settings to finish the process.